The world through a monocle : the New Yorker at midcentury /

Bibliographic Details
Main Author: Corey, Mary F.
Format: Book
Language:English
Published: Cambridge, Mass. : Harvard University Press, 1999.
Subjects:

MARC

Tag First Indicator Second Indicator Subfields
LEADER 00000cam a2200000 a 4500
001 in00001486621
005 20151021070127.0
008 980805s1999 mau b 001 0 eng
010 |a  98041167  
015 |a GB99-Y8691 
020 |a 0674961935 (alk. paper) 
035 |a (OCoLC)39692329 
035 |9 AJG9601AM 
040 |a DLC  |c DLC  |d YDX  |d UKM  |d TXA  |d UtOrBLW 
043 |a n-us--- 
049 |a TXAM 
050 0 0 |a PN4900.N35  |b C67 1999 
082 0 0 |a 051  |2 21 
100 1 |a Corey, Mary F. 
245 1 4 |a The world through a monocle :  |b the New Yorker at midcentury /  |c Mary F. Corey. 
264 1 |a Cambridge, Mass. :  |b Harvard University Press,  |c 1999. 
300 |a xiv, 251 pages ;  |c 25 cm. 
336 |a text  |b txt  |2 rdacontent 
337 |a unmediated  |b n  |2 rdamedia 
338 |a volume  |b nc  |2 rdacarrier 
500 |a Includes bibliographical references (pages 215-242) and index. 
630 0 0 |a New Yorker (New York, N.Y. : 1925)  |x History. 
650 0 |a Popular culture  |z United States  |x History  |y 20th century. 
651 0 |a United States  |x Social life and customs  |y 1945-1970. 
630 0 4 |a New Yorker  |x History. 
630 0 4 |a New Yorker  |x Influence. 
650 4 |a American newspapers  |x Sections, columns, etc.  |x Reviews. 
650 4 |a Popular culture  |z United States  |x History  |y 20th century. 
651 4 |a United States  |x Intellectual life  |y 20th century. 
651 4 |a United States  |x Social life and customs  |y 1945-1970. 
948 |a c:jal 
999 |a MARS 
999 f f |s 9292ad6d-b7ab-36f5-ad91-2c19998d76a9  |i 43aee542-9f86-3992-b30f-d448e7ab39f1  |t 0 
952 f f |p normal  |a Texas A&M University  |b College Station  |c Sterling C. Evans Library  |d Evans: Library Stacks  |t 0  |e PN4900.N35 C67 1999  |h Library of Congress classification  |i unmediated -- volume  |m A14824259636 
998 f f |a PN4900.N35 C67 1999  |t 0  |l Evans: Library Stacks